000 01897nam a2200325 i 4500
001 768714001
003 CO-MdFUSB
005 20240531062754.0
007 ta
008 230417t19921990nyuaco|| |||| 00| 0 eng d
020 _a0192852590
040 _aCO-MdFUSB
_bspa
_cCO-MdFUSB
_dCO-MdFUSBC
_erda
041 _aeng
082 _223
_a270
_bOX98
245 4 _aThe Oxford illustrated history of Christianity
_c/ editado por John McManners
264 1 _aOxford, England :
_bOxford University Press,
_c1992
264 4 _c© 1990
300 _a724 páginas
_c; 25 cm
336 _2rdacontent
_atexto
_btxt
337 _2rdamedia
_asin mediación
_bn
338 _2rdacarrier
_avolumen
_bnc
505 _aLa comunidad cristiana primitiva / Henry Chadwick. -- De Roma a los reinos bárbaros (330-700) / Robert A. Markus. -- Occidente: la era de la conversión (700-1050) / Henry Mayr-Harting. -- Cristiandad oriental / Kallistos Ware -- Cristianismo e Islam / Jeremy Johns. -- Civilización cristiana (1050-1400) / Colin Morris. -- La Iglesia de la Baja Edad Media y su reforma (1400-1600) / Patrick Collinson. -- Ilustración: secular y cristiana (1600-1800) / John McManners. -- La expansión del cristianismo (1500-1800) / John McManners. -- Gran Bretaña y Europa / Owen Chadwick. -- Norteamérica / Martín Marty. -- América Latina / Fredrick Pike -- África / Peter Hinchliff. -- Asia / Kenneth y Helen Ballhatchet. -- Las iglesias ortodoxas de Europa del Este / Sergei Hackel. -- Lo que creen los cristianos / Maurice Wiles. -- Nuevas imágenes de comunidad cristiana / Bryan Wilson. -- La conciencia cristiana / Basil Mitchell. -- El futuro del cristianismo / John Taylor
563 _aRústico
650 7 _aCristianismo
_2
_922
650 0 _9153
_aHistoria de la Iglesia
700 _98123
_aMcManners, John,
_eeditor
942 _cBK
945 _aJTF-925
999 _c68729
_d68729